[Event "Tarragona-ch Seniors"]
[Site "Cambrils"]
[Date "2015.02.12"]
[Round "3.3"]
[White "Nieves Fernandez, Celso"]
[Black "Guasch Murtra, Josep Maria"]
[Result "1/2-1/2"]
[WhiteElo "1847"]
[BlackElo "2110"]
[PlyCount "69"]
[EventDate "2015.01.29"]
[EventType "swiss"]
[EventRounds "8"]
[EventCountry "ESP"]
[SourceTitle "EXT 2024"]
[Source "ChessBase"]
[SourceDate "2023.10.10"]
[SourceVersion "1"]
[SourceVersionDate "2023.10.10"]
[SourceQuality "1"]

1. e4 d5 2. exd5 Qxd5 3. Nc3 Qd8 4. d4 Nf6 5. Nf3 c6 6. h3 e6 7. a3 Nbd7 8. Bf4 Nb6 9. Be2 Bd6 10. Qd2 0-0 11. 0-0 Nbd5 12. Nxd5 cxd5 13. Bd3 Qc7 14. Bxd6 Qxd6 15. Ne5 Bd7 16. f4 Qb6 17. c3 Bb5 18. Bxb5 Qxb5 19. f5 exf5 20. Rxf5 Ne4 21. Qc2 f6 22. Ng4 g6 23. Rf3 Rae8 24. Re1 Kg7 25. Rfe3 h5 26. Nf2 f5 27. Nd3 f4 28. Rf3 Ng5 29. Rff1 Rxe1 30. Rxe1 Ne4 31. Ne5 Rf5 32. Nf3 Qc4 33. Nd2 Nxd2 34. Qxd2 Qc7 35. Qe2 1/2-1/2